• 首页
  • 本馆介绍
  • 公告通知
  • 最新文献
  • 馆藏检索
  • 电子资源
  • 读者导购
  • 参考咨询
  • 我的图书馆
  • 登录
  • 详细信息显示
  • 放入我的书架
  • 预约/预借图书
  • 作者相关作品
  • 分类相关作品
  • 丛书相关作品
  • 出版社相关作品

书目信息

  • 表格格式
  • 工作单格式
  • 卡片格式
题名:
电视剧编剧艺术
    
 
作者: 宋家玲 , 袁兴旺 著
分册:  
出版信息: 北京   中国广播电视出版社  2002
页数: 413页
开本: 20cm
丛书名: 21世纪中国影视艺术系列丛书
单 册:
中图分类: J904
科图分类:
主题词: 电视文学剧本--创作方法
电子资源:
ISBN: 7-5043-3803-6
000 00754nam2 2200241 45
001 0404291698
005 20040429164451.6
010    @a7-5043-3803-6@dCNY23.00
100    @a20040429d2002 km y0chiy0120 ea
101 0  @achi
105    @a z 000yy
200 1  @a电视剧编剧艺术@ADian Shi Ju Bian Ju Yi Shu@f宋家玲,袁兴旺著@FSong Jia Ling,Yuan Xing Wang Zhu
210    @a北京@c中国广播电视出版社@d2002
215    @a413页@d20cm
225    @a21世纪中国影视艺术系列丛书@f李兴国主编
410    @12001 @a21世纪中国影视艺术系列丛书
410    @1700 0@a李兴国@ALi Xing Guo@4主编
606 0  @a电视文学剧本@x创作方法
690    @aJ904@v4
701  0 @a宋家玲@4著
701  0 @a袁兴旺@4著
801    @aCN@bTSTC@c20040429
905    @b332235-239@dJ904@e94@f5
    
    电视剧编剧艺术/宋家玲,袁兴旺著.-北京:中国广播电视出版社,2002
    413页;20cm.-(21世纪中国影视艺术系列丛书/李兴国主编)
    
    
    ISBN 7-5043-3803-6:CNY23.00
    
●
相关链接 在E读中查询图书 在五车中查询图书 在当当中查询图书 在豆瓣中查询图书


正题名:电视剧编剧艺术     索取号:J904/94         预约/预借

序号 登录号 条形码 馆藏地/架位号 状态 备注
1 0332235   203322350   第一借阅区/ [索取号:J904/94] 在馆    
2 0332236   203322369   第一借阅区/ [索取号:J904/94] 在馆    
3 0332237   203322378   第一借阅区/ [索取号:J904/94] 在馆    
4 0332238   203322387   第一借阅区/ [索取号:J904/94] 在馆    
5 0332239   203322396   第一样本阅览室/ [索取号:J904/94] 在馆    
唐山师范学院图书馆 欢迎您!
大连网信软件有限公司© 版权所有